00442nam a22001457a 450000500170000000800410001702000180005804100130007608200140008910000120010324500780011526000470019330000300024065000260027020231109053125.0231109b |||||||| |||| 00| 0 eng d a9780702133268 aEnglish  a346.2 SOU lEnglish aSouth African Corporate Business Administration /cedited by Juta Editors aCape Town : bJuta and Company Ltd, c2011 bxi, 828 pages ; c27 cm.  aLegal practice bLaw